000 00527nam a2200181Ia 4500
003 OSt
005 20201008104342.0
008 190216s9999||||xx |||||||||||||| ||und||
020 _a8126501065
040 _coclc
082 _a004.160288
_bPRE/P
100 _aPress, Barry
_95421
245 0 _aPc Upgrade And Repair Bible /
_cBarry Press ; Marcia Press
260 _bWiley India,
_aNew Delhi:
_c2006.
300 _a1383p
650 _aComputer
942 _cBK
_2ddc
_h004.160288
_iPRE/P
_k004.160288
_mPRE/P
999 _c8906
_d8906